000 00495nam a2200133 a 4500
008 120416s0000 ||||||||||||||||| || u
020 _a0074600907
050 _aTJ 211.35 Deb
100 _aDeb, Satya Ranjan
245 1 0 _aRobotics technology and flexible automation
260 _aNew Delhi
_bTata McGraw-Hill
_c1994
350 _a0.00
995 _D0.00
_FCBU-MAIN LIBRARY (Kitwe)
_H1
_I51.72
_M1
_UAVAILABLE
_ZMain Library Open Access Collection
999 _c56635
_d56635